Um grito ao longe (Record no. 45021)

MARC details
000 -Etiqueta do registo
Valores 00581c a2200205 04500
100 ## - Dados gerais de processamento
Dados gerais 19891001d1956 m y0pory5003 ba
101 1# - Língua de publicação
Língua por
102 ## - País de publicação
País PT
200 1# - Titulo e menção de responsabilidade
Título próprio Um grito ao longe
Primeira menção de responsabilidade Fredric Brown
Outras menções de responsabilidade trad. L. de Almeida Campos
210 #9 - Publicação
Local de publicação Lisboa
Nome do editor Livros do Brasil,
Data de publicação [D.L. 1956]
215 ## - Descrição física 
Paginação / Volumes 213, [1] p.
Dimensões 16 cm
225 2# - Colecção 
Título próprio da colecção Vampiro
Indicação de volume 105
304 ## - Nota relativa ao título
Texto de nota Tít. orig. A far cry
675 ## - CDU
Notação 821.111(73)-312.4"19"
Edição BN
Língua por
700 #1 - Autor principal
Apelido Brown,
Nome Fredric,
Datas 1906-1972
702 #1 - Autor secundário
Apelido Campos,
Nome Luís de Almeida
Função 730
801 #0 - Fonte de origem
País PT
Agência BN
Regras de catalogação RPC
990 ## - Elementos KOHA
Tipo de documento Livro
Holdings
Aquisição Empréstimo Código de barras Cota Permissão de empréstimo Tipo de documento
Biblioteca Municipal de Redondo Biblioteca Municipal de Redondo 055340 821.111(73)-3 BRO   Livro

Powered by Koha